000 00350nam a2200145Ia 4500
100 _aPennington Ralph H
650 _aChemistry
942 _cBK
654 _aNumerical Analysis
245 _aIntroductory Computer Methods & Numerical Analysis
260 _bMacMillon& Co
_aHongkong
_c1973
082 _a519.4
300 _a497
546 _aENGLISH
999 _c26583
_d26583